000 01280cam a2200301 i 4500
001 45927
003 Mx-PuUPA
005 20211126125416.0
008 140415s2003 sp gr 001 0 spa d
040 _aMX-PuUPA
_bspa
_erda
_cMx-PuUPA
_dMx-PuUPA
041 0 _aspa
110 1 _aMexico.
_bSecretaría de Gobernación,
_eautor
_94423
245 1 0 _aGuía de tratados promulgados y otros instrumentos internacionales vigentes suscritos por México /
_ccoordinador general, Eduardo Castellanos Hernández ; coordinadores de la investigación documental, Carlos Moguel Contreras ; autores de la investigación documental, Ernesto Reyes Cadena [y otros dos].
250 _aPrimera edición
264 1 _aMéxico, D. F. :
_bSecretaria de Gobernación,
_c2003
300 _a490 páginas ;
_c23 cm.
336 _atexto
_2rdacontent
_btxt
337 _asin medio
_2rdamedia
_bn
338 _avolumen
_2rdacarrier
_bnc
650 7 _aTratados
_2armarc
650 7 _aTratados comerciales
_2armarc
700 1 _aCastellanos Hernández, Eduardo de Jesús,
_eeditor
_95339
700 1 _aMoguel Contreras, Carlos,
_eeditor
700 1 _aReyes Cadena, Ernesto,
_eAutor de investigación
942 _h341.37
_iG943
_cLI
_2ddc
999 _c45927
_d45927